000 00633nam a2200193Ia 4500
003 GCL
008 140319s9999 xx 000 0 eng d
020 _a0810935066
040 _aGCL /
_cGCL
082 0 4 _a739.27092
_bZ J
100 1 _aZAPATA, JANET
245 1 0 _aTHE JEWELRY AND ENAMELS OF LOUIS COMFORT TIFFANY /
_cZAPATA, JANET
260 _aانجلترا :
_bHARRY N. ABRAMS. ،
_c1998
300 _a28 CM ؛
_c176 P
650 0 4 _aCRITICISM AND INTER PRETATION
650 0 4 _aJEWELRY - UNITED STATES - HISTORY - 20 th CENTURY
650 0 4 _aENAMEL AND ENAMELING - UNITED STATES - HISTORY - 20 th CENTURY
942 _2ddc
_cBK
999 _c18956
_d18956